Vzdelávanie spotrebiteľov, Obchodná fakulta EU v Bratislave

Guardado en:
Detalles Bibliográficos
Autor principal: Dzurová, Mária
Formato: Capítulo de libro
Lenguaje:eslovaco
Etiquetas: Agregar Etiqueta
Sin Etiquetas, Sea el primero en etiquetar este registro!

MARC

LEADER 00000naa$a2200000$$$4500
001 0249460
005 20240502083711.0
041 0 |a slo 
044 |a CZ 
245 1 0 |a Vzdelávanie spotrebiteľov, Obchodná fakulta EU v Bratislave  |c Mária Dzurová 
500 |a Prezentácia 
100 1 |a Dzurová, Mária